| 000 | 00672nam a2200181 a 4500 | ||
|---|---|---|---|
| 001 | 000021004 | ||
| 005 | 20200930011217.0 | ||
| 008 | 100828s1990 cu r 000 d spa d | ||
| 040 |
_aDO-SdBNP _bspa _cBNPHU |
||
| 082 |
_annnn _bT253b |
||
| 245 | 0 | 0 |
_aTeatro brasileño contemporáneo / _cselección y prólogo de Ileana Diéguez Caballero ; edición de Dania Pérez Rubio. |
| 260 |
_aLa Habana, Cuba : _bArte y Literatura, _c1990. |
||
| 300 |
_a671, [2] p. ; _c19 cm. |
||
| 504 | _aIncluye referencias bibliográficas y notas al pie de las páginas. | ||
| 700 | 1 |
_aDiéguez Caballero, Ileana, _epról. _943960 |
|
| 700 | 1 |
_aPérez Rubio, Dania, _eed. _95482 |
|
| 049 | _aBNGR | ||
| 999 |
_c20507 _d20507 |
||